000 00559nam a2200193Ia 4500
999 _c22489
_d22489
003 OSt
005 20200206132821.0
008 190216s9999||||xx |||||||||||||| ||und||
020 _a9788172048020
040 _coclc
082 _a297.1221
_bMOU/Q
100 _aMoudoodi, Abul Ala
_91860
245 0 _aQuran Padanathinu Oru Mukhavura /
_cAbul Ala Moudoodi
250 _a5th ed.
260 _bIslamic Publishing House,
_c2002.
_aKozhikode:
300 _a38p
650 _aQur`An
942 _cBK
_2ddc
_h297.1221
_iMOU/Q
_k297.1221
_mMOU/Q